000 00408nam a2200157Ia 4500
008 230524s9999 xx 000 0 und d
020 _a9788189866273
100 _aR.L. Narasimham
_943006
245 0 _aAnalysis of Linear Control Systems
250 _a1
260 _aNew Delhi
_bI.K.International
_c2013
300 _a"XVII,809p;"
500 _aQuantity Number: 1
650 _aElectrical
942 _cBK
999 _c57952
_d57952